Jesus life (Part 1) - Statistics

General Stats
  • This quiz has been taken 111 times
  • The average score is 12 of 15
Answer Stats
Hint Answer % Correct
Who was Jesus, Virgin, Mothers name? Mary
98%
Who was the first person on earth? Adam
95%
Who was his earthly Father? Joseph
95%
How old was Jesus when he died on the cross? 33 | thirty three
92%
What is The first book in the Bible? Genesis
91%
Where was he born? Bethlehem
90%
Where did he grow up? Nazareth
88%
Who betrayed Jesus? judas iscariot | judas
87%
What is the LAST book in the Bible? Revelation
78%
What is the third book in the Gospels? Luke | Saint Luke | ST. Luke
74%
Who did Jesus raise from the dead? Lazarus
71%
Which of Jesus Apostles doubted Jesus's Resurrection? Thomas
71%
Who was the first Pope? Saint Peter | Peter
69%
What is between Heaven and Hell? Purgatory
58%
Where did Jesus get crucified Golgatha | Calvary
49%
No matching quizzes found
Score Distribution
Percent of People with Each Score
Percentile by Number Answered
Your Score History
You have not taken this quiz